|
|
|
|
| LEADER |
00000nab a2200000 a 4500 |
| 001 |
vtls000742188 |
| 003 |
SK-MaSNL |
| 005 |
20260319074414.0 |
| 008 |
160321c2000 xo 0 hun |
| 015 |
|
|
|a SNBRB2000/12-32600
|
| 035 |
|
|
|a CLN000094028
|
| 040 |
|
|
|a SNKBUCL
|b slo
|c SNKBUCL
|e AACR2
|
| 041 |
0 |
|
|a hun
|
| 044 |
|
|
|a xo
|c SK
|
| 080 |
|
|
|a 78.071.2:784.4
|2 UDC-MRF-SK2
|
| 080 |
|
|
|a 784.4
|2 UDC-MRF-SK2
|
| 080 |
|
|
|a 929 Gaál, Gabriella
|2 UDC-MRF-SK2
|
| 100 |
1 |
|
|a Farkas, Ottó,
|d 1951-
|4 ain
|9 103339
|
| 245 |
1 |
0 |
|a A Tündérkert leánya
|c Farkas Ottó, Gaál Gabriella
|
| 300 |
|
|
|b Fotogr.
|
| 600 |
1 |
7 |
|a Gaál, Gabriella
|2 snkbucl
|9 912606
|
| 651 |
|
7 |
|a 609
|2 snkbucl
|9 296870
|
| 655 |
|
7 |
|a články z novín a časopisov
|2 snkbucl
|9 267496
|
| 700 |
1 |
|
|a Gaál, Gabriella
|4 aut
|4 uin
|9 912606
|
| 773 |
0 |
|
|t Vasárnap
|g Roč. 33, č. 44 (2000)
|
| 773 |
0 |
|
|t [Príl.] Hang-Kép
|g Č. 44 (2000), s. 11
|
| 850 |
|
|
|a Slovenská národná knižnica v Martine
|
| 852 |
|
|
|a SNK
|b KIS3GCP
|
| 958 |
|
|
|a HU
|
| 958 |
|
|
|a SK
|
| 958 |
|
|
|a BC
|
| 958 |
|
|
|a RBX
|
| 999 |
|
|
|c 1445366
|d 1447296
|